01351cam a2200325 i 450000100090000000300090000900500170001800800410003502000180007604000410009408200170013510000270015224501050017925000410028426400780032530000230040333600260042633700260045233800360047850400510051465000210056565000300058665000300061665300220064665500170066885601310068594200120081699900170082895201800084515722563EG-ScBUE20250514084511.0210217s2022 nyua f b 001 0 eng d a9781982140113 aNhCcYBPbengerdacNhCcYBPdEG-ScBUE04222a158bPRI1 aPrice, Devon,eauthor.10aLaziness does not exist :ba defense of the exhausted, exploited, and overworked /cDr. Devon Price. aFirst Atria Books hardcover edition. 1aNew York, NY :bAtria Books, an imprint of Simon & Schuster, Inc.,c2022. a246 pages ;c20 cm atextbtxt2rdacontent acomputerbc2rdamedia aonline resourcebcr2rdacarrier aIncludes bibliographical references and index. 7aLaziness.2BUEsh 7aWork-life balance.2BUEsh 7aStress management.2BUEsh cMay2025bHHUUPPSS vReading book40yOnline bookuhttps://yale.idm.oclc.org/login?URL=https://ebookcentral.proquest.com/lib/yale-ebooks/detail.action?docID=6421468 2ddccBB c30983d30954 00102ddc40708BaccahaMAINbMAINcLOWd2025-05-14ePurchaseg1112.00h39241l1m33o158 PRIp000057361q2026-05-16r2025-06-18 00:00:00s2025-06-18v1390.00w2025-05-14yBB